000 00889cam a2200229 a 4500
001 000014959
005 20200929163930.0
008 990224s1997 ve a 000 0 spa d
020 _a9803510150
035 _a(DLC) 99176823
040 _aDO-SdBNP
_bspa
_cDLC
_dBNPHU
082 _a750.87
_bN322p
100 1 _aNavarro, Pascual,
_d1923-1985.
_933861
245 1 0 _aPascual Navarro :
_bentre galas neoclásicas : Coleccion Museo Arturo Michelena, Caracas ; Foyer del Teatro Municipal, Valencia, Diciembre 1997.
260 _aCaracas :
_bConsejo Nacional de la Cultura :
_bFundación Museo Arturo Michelena :
_bAlcaldía de Valencia :
_bDirección de Cultura,
_c1997.
300 _a32 p. :
_bil. ;
_c28 cm.
490 1 _aMuseo Arturo Michelena
650 4 _aPinturas venezolanas
_933862
830 0 _aMuseo Arturo Michelena
_933863
910 _aCatalogación por copia / LC
049 _aBNGR
999 _c14534
_d14534